| 000 | 00496cam a2200181ua 4500 | ||
|---|---|---|---|
| 001 | 12260 | ||
| 008 | 200819n ii |||gr||||Z||||||asm | ||
| 040 | _cMAIN | ||
| 082 | _a633.72 | ||
| 100 |
_aAnirban Kumar Goswami, _eAuthor. |
||
| 245 |
_aChah kheti _cBy Anirban Kumar Goswami and Monuj Kumar Goswami |
||
| 250 | _a7th ed. | ||
| 260 |
_aJorhat: _bGrantha sanskriti, _c2017. |
||
| 300 | _a160p. | ||
| 653 | _aField & plantation crops | ||
| 700 |
_aMonoj Kumar Goswami, _eAuthor. |
||
| 942 | _cBK | ||
| 999 |
_c11017 _d11017 |
||